| 000 | 00646nam a22001937a 4500 | ||
|---|---|---|---|
| 003 | UA-OsUOA | ||
| 001 | 12838 | ||
| 007 | ta | ||
| 008 | 20050531b un ||||| |||| 00| 0 ukr d | ||
| 100 | _aВилегжаніна Т. Т. | ||
| 700 | _aОдинець Є. | ||
| 942 | _cSA | ||
| 040 |
_aUA-OsUOA _cUA-OsUOA _dUA-OsUOA |
||
| 245 |
_aДо питання створення центру корпоративної каталогізації : підходи і перспективи _cТ., Одинець Є. Вилегжаніна Т. |
||
| 300 | _aС.15-18 | ||
| 955 | _a0 | ||
| 773 | 0 | _w0 | |
| 650 | 7 |
_aБібліотечні каталоги _2UDC |
|
| 999 |
_c298999 _d298999 |
||